| 000 | 00527nam a2200193 a 4500 | ||
|---|---|---|---|
| 001 | 5855 | ||
| 003 | CDMR | ||
| 005 | 20131025101506.0 | ||
| 008 | 130220s2005||||||||||||||||||||||||||||d | ||
| 020 | _a8483104504 | ||
| 040 |
_aCDMR _bcat _cCDMR |
||
| 100 | 1 |
_aNasaw, David _92879 |
|
| 245 | 1 | 0 |
_aWilliam R. Hearst _b: un magnate de la prensa : biografia _cDavid Nasaw |
| 260 |
_aBarcelona _bTusquets _c2005 |
||
| 300 |
_a791 p. ; _c23 cm |
||
| 490 | 0 |
_aTiempo de memoria _v51 |
|
| 600 | 1 |
_94186 _aHearst, William R. |
|
| 942 |
_cMON _2udc |
||
| 999 |
_c5855 _d5855 |
||